00493nam a22001577a 4500008004100000040005500041080002100096245002600117250001300143260004600156300001600202500007300218650001400291942001300305999001700318230706b |||||||| |||| 00| 0 eng d aNational Science LibrarycNational Science Library aR 058(4/9)bN8.1 aEuropa year book 1998 a39th ed. aLondon: bEuropa Publications Ltd, c1998 axvi, 1932p. aVol. 1 Part 1 International organizations Part 2 Afghanistan-Jordan aYear book 2udccYBK c50758d50758